Politics and Grassroots Administration in Nigeria: Issues Challenges 7 Prospect (Record no. 2419)
[ view plain ]
| 000 -LEADER | |
|---|---|
| fixed length control field | 00412nam a22001337a 4500 |
| 008 - FIXED-LENGTH DATA ELEMENTS--GENERAL INFORMATION | |
| fixed length control field | 250318b |||||||| |||| 00| 0 eng d |
| 020 ## - INTERNATIONAL STANDARD BOOK NUMBER | |
| ISBN | 9787060156 |
| 100 ## - MAIN ENTRY--AUTHOR | |
| Author | UMANA, A . E . Otoabasi |
| 245 ## - TITLE STATEMENT | |
| Title | Politics and Grassroots Administration in Nigeria: Issues Challenges 7 Prospect |
| 260 ## - PUBLICATION, DISTRIBUTION, ETC. (IMPRINT) | |
| Place of publication | Akwa Ibom |
| Name of publisher | Diamond Ville Digital & Publishing |
| Date of publication | 2006 |
| 300 ## - COLLATION | |
| Pagination | xiv, 299p. |
| 942 ## - ADDED ENTRY ELEMENTS (KOHA) | |
| Item type | Books |
| 050 ## - LIBRARY OF CONGRESS CALL NUMBER | |
| Classification number | JS7650 |
| Item number | .U43 |
No items available.